| 000 | 00505nam a22001937a 4500 | ||
|---|---|---|---|
| 003 | CEME | ||
| 005 | 20210628203652.0 | ||
| 008 | 210121b xxu||||| |||| 00| 0 eng d | ||
| 020 | _a0-19-567477-4 | ||
| 040 | _c. | ||
| 082 | _a342.7306 WAD | ||
| 100 |
_aWade, William. Sir, Forsyth, Christopher _966771 |
||
| 245 | _aAdministrative law | ||
| 250 | _a9TH | ||
| 260 |
_aNEW DELHI _bOXFORD UNIVERSITY PRESS _c2007 |
||
| 300 | _aXCIII,1035 P | ||
| 650 |
_aADMINISTRATIVE LAW _961404 |
||
| 942 |
_cBK _2ddc |
||
| 999 |
_c574677 _d574677 |
||